000 01478nam a2200325aa04500
003 MX-MxUPN
005 20241001063903.0
008 991125s1944 mx r 000 0 spa d
035 _aUPN01000036002
040 _aMX-MxUPN
_bspa
_cMX-MxUPN
041 0 _aspa
050 1 4 _aAC70
_bB5a no.26-30
100 1 _aFerrer Mendiolea, Gabriel,
_d1904-1967
_937462
245 1 3 _aEl maestro Justo Sierra
260 _aMéxico :
_bSecretaría de Educación Pública,
_c1944.
300 _a1 v. (varias paginaciones)
490 0 _aBiblioteca enciclopédica popular ;
_v26-30
501 _aEncuadernado con: Vida de Martí / por Rafael Estenger ; nota prel. de José Antonio Portuondo -- Nociones de historia de los Estados Unidos de América / por Benito Xavier Pérez-Verdía -- Soliloquios de Marco Aurelio / Marco Aurelio ; introd., selec. y notas de Juan David García Bacca -- Los lacandones : su pasado y su presente / por Gertrude Duby.
600 1 2 _aMartí, José,
_d1853-1895
_929034
600 1 0 _aSierra, Justo,
_d1848-1912
_928551
650 4 _aFilosofía antigua
_96916
651 4 _aEstados Unidos
_xHistoria
_920434
650 4 _aLacandones
_xHistoria
_949127
710 2 _aInstituto Nacional de Pedagogía (México)
_epropietario anterior
_928088
740 0 _aVida de Martí
740 0 _aNociones de historia de los Estados Unidos de América
740 0 _aSoliloquios de Marco Aurelio
740 0 _aLos lacandones : su pasado y su presente
942 _2lcc
_cLIBRO
999 _c36002
_d36002